Transitos del cuerpo del sol, considerados en la celebrada, confirmada declaracion de la Invencion del Sagrado Cuerpo de N.G.P.S. Augustin; dixolos historiados, y los da a la estampa por mandado de N. M. P. L. Fr. Balthasar Sanchez... provincial (siendolo actual) de esta provincia el R. P. Fr. Antonio de Ayala presidente del capitulo provincial proximo celebrado y lo dedica al mismo Sol de la Iglesia N. G. P. S. Augustin. Y los da a la estampa por mandado de N. M. R. P. L. fr. Balthazar Sanchez

Detalles Bibliográficos
Autor principal: Sánchez, Baltazar
Formato: Libro
Lenguaje:Undetermined
Spanish
Publicado: en Mexico : por Joseph Bernardo de Hogal, 1729.
Materias:
Colección:Banco de datos
Acervo:Biblioteca Palafoxiana. Colección bibliográfica
Descripción Física:[16], 24 p. ; 4°
Tema general:Homilética
Notas:Ex libris manuscrito: "Libreria del Colegio del Espiritu Santo de la Compañia de Jesus de la Puebla". Número de localización: 16081-D
LEADER 01125nam a2200181Ia 4500
008 150723s9999 xx 000 0 und d
041 0 |a spa 
050 0 |a PAFX BV4207 S3 
100 1 |a Sánchez, Baltazar 
245 1 0 |a Transitos del cuerpo del sol, considerados en la celebrada, confirmada declaracion de la Invencion del Sagrado Cuerpo de N.G.P.S. Augustin; dixolos historiados, y los da a la estampa por mandado de N. M. P. L. Fr. Balthasar Sanchez... provincial (siendolo actual) de esta provincia el R. P. Fr. Antonio de Ayala presidente del capitulo provincial proximo celebrado y lo dedica al mismo Sol de la Iglesia N. G. P. S. Augustin. Y los da a la estampa por mandado de N. M. R. P. L. fr. Balthazar Sanchez 
260 |a en Mexico : por Joseph Bernardo de Hogal, 1729. 
300 |a [16], 24 p. ; 4° 
500 |a Ex libris manuscrito: "Libreria del Colegio del Espiritu Santo de la Compañia de Jesus de la Puebla". Número de localización: 16081-D 
501 |a Encuadernado con 11 obras 
650 1 0 |a Homilética 
942 |c PALALIB 
943 |g Biblioteca Palafoxiana. Colección bibliográfica 
999 |c 1052926  |d 1052926